Sports Quiz

Random Sports or Soccer Quiz

West Brom goalscorers against Man City since 2000 Quiz Stats

 Plays Quiz not verified by Sporcle

Challenge
Share
Tweet
Embed
Score 0/21 Timer 04:00
0 Plays Today
Season Answer % Correct
2008-09Chris Brunt
79.5%
2008-09Chris Brunt
79.5%
2002-03Darren Moore
64.1%
2008-09Luke Moore
64.1%
2013-14Graham Dorrans
61.5%
2008-09Roman Bednar
56.4%
2012-13Shane Long
56.4%
2001-02Scott Dobie
51.3%
2001-02Neil Clement
48.7%
2001-02Neil Clement
48.7%
2002-03Neil Clement
48.7%
Season Answer % Correct
2002-03Neil Clement
48.7%
2013-14Victor Anichebe
46.2%
2004-05Kevin Campbell
43.6%
2005-06Kevin Campbell
43.6%
2015-16Stephane Sessegnon
41%
1999-2000Lee Hughes
38.5%
2005-06Diomansy Kamara
38.5%
2001-02Derek McInnes
35.9%
2004-05Ronnie Wallwork
33.3%
2014-15Brown Ideye
23.1%

You're not logged in!

Compare scores with friends on all Sporcle quizzes.
OR
Log In

You Might Also Like...

Show Comments

Extras

Top Quizzes Today


Score Distribution

Your Account Isn't Verified!

In order to create a playlist on Sporcle, you need to verify the email address you used during registration. Go to your Sporcle Settings to finish the process.

Report this User

Report this user for behavior that violates our Community Guidelines.

Details: